000
00278nam a22001217a 4500
008
170831b xxu||||| |||| 00| 0 eng d
041
_a
eng
080
_a
047
100
_a
040
101
_a
MED
245
_a
INTERNATIONAL INTERVIEWING COUNSELING
_c
MEY.A
942
_2
udc
_c
BK
999
_c
25793
_d
25793